[Event "AUT-ch Open 2020"]
[Site "Graz"]
[Date "2020.02.19"]
[Round "7.5"]
[White "Bauer, Thomas"]
[Black "Handler, Lukas"]
[Result "0-1"]
[WhiteElo "2201"]
[BlackElo "2422"]
[Annotator "NA"]
[PlyCount "84"]
[EventDate "2020.02.14"]
[EventType "swiss"]
[EventCountry "AUT"]
[SourceTitle "playchess.com"]
[Source "ChessBase"]
[SourceQuality "1"]
[TimeControl "40/5400+30:1800+30"]

1. e4 {[%emt 0:00:00]} e6 {[%emt 0:00:00]} 2. d4 {[%emt 0:00:00]} d5 {[%emt 0:00:00]} 3. Nd2 {[%emt 0:00:00]} c5 {[%emt 0:00:00]} 4. exd5 {[%emt 0:00:00]} Qxd5 {[%emt 0:00:09]} 5. Ngf3 {[%emt 0:00:00]} cxd4 {[%emt 0:00:07]} 6. Bc4 {[%emt 0:00:00]} Qd6 {[%emt 0:03:02]} 7. O-O {[%emt 0:00:56]} Nf6 {[%emt 0:00:12]} 8. Nb3 {[%emt 0:00:09]} Nc6 {[%emt 0:01:37]} 9. Nbxd4 {[%emt 0:00:06]} Nxd4 {[%emt 0:00:06]} 10. Nxd4 {[%emt 0:00:09]} a6 {[%emt 0:00:12]} 11. Re1 {[%emt 0:00:06]} Qc7 {[%emt 0:01:24]} 12. Bf1 {[%emt 0:00:02]} Bd7 {[%emt 0:04:44]} 13. g3 {[%emt 0:07:25]} O-O-O {[%emt 0:02:04]} 14. Qf3 {[%emt 0:01:50]} e5 {[%emt 0:06:38]} 15. Nb3 {[%emt 0:03:07]} Bd6 {[%emt 0:09:38]} 16. Bd2 {[%emt 0:09:09]} Bc6 {[%emt 0:07:31]} 17. Qe2 {[%emt 0:09:18]} Kb8 {[%emt 0:13:50]} 18. c4 {[%emt 0:00:02]} Ne4 {[%emt 0:07:58]} 19. Na5 {[%emt 0:18:54]} Nxd2 {[%emt 0:09:35]} 20. Nxc6+ {[%emt 0:00:01]} Qxc6 {[%emt 0:00:11]} 21. Qxd2 {[%emt 0:00:06]} Bc5 {[%emt 0:02:24]} 22. Qc2 {[%emt 0:08:55]} Bd4 {[%emt 0:04:11]} 23. Bg2 {[%emt 0:05:13]} Qc7 {[%emt 0:05:32]} 24. Re2 {[%emt 0:02:39]} h5 {[%emt 0:01:06]} 25. a4 {[%emt 0:03:56]} h4 {[%emt 0:02:18]} 26. Ra3 {[%emt 0:00:45]} hxg3 {[%emt 0:01:36]} 27. hxg3 {[%emt 0:00:01]} a5 {[%emt 0:08:29]} 28. Rb3 {[%emt 0:03:26]} b6 {[%emt 0:00:07]} 29. Qe4 {[%emt 0:03:45]} Ka7 {[%emt 0:00:26]} 30. Rf3 {[%emt 0:06:16]} Rd7 {[%emt 0:02:47]} 31. b3 {[%emt 0:08:38]} f6 {[%emt 0:00:41]} 32. Rd2 {[%emt 0:01:15]} Rhd8 {[%emt 0:02:41]} 33. Rfd3 {[%emt 0:01:22]} Qd6 {[%emt 0:00:39]} 34. Bf3 {[%emt 0:01:44]} Qe7 {[%emt 0:01:53]} 35. Kg2 {[%emt 0:00:26]} Qf7 {[%emt 0:01:00]} 36. Bg4 {[%emt 0:05:25]} Rd6 {[%emt 0:00:13]} 37. Qh7 {[%emt 0:00:55]} f5 {[%emt 0:01:12]} 38. Qxf5 {[%emt 0:02:25]} Rf6 {[%emt 0:00:05]} 39. Qh7 {[%emt 0:00:32]} Rxf2+ {[%emt 0:00:08]} 40. Kh3 {[%emt 0:00:30]} Rf6 {[%emt 0:02:13]} 41. Bh5 {[%emt 0:05:28]} Rh6 {[%emt 0:06:13]} 42. Qxh6 {[%emt 0:04:05]} Qf1+ {[%emt 0:00:08]} 0-1

[Event "AUT-ch Open 2020"]
[Site "Graz"]
[Date "2020.02.19"]
[Round "7.6"]
[White "Baum, Jonasz"]
[Black "Burmakin, Vladimir"]
[Result "1/2-1/2"]
[WhiteElo "2514"]
[BlackElo "2514"]
[Annotator "ChessBase"]
[PlyCount "67"]
[EventDate "2020.02.14"]
[EventType "swiss"]
[EventCountry "AUT"]
[SourceTitle "playchess.com"]
[Source "ChessBase"]
[SourceQuality "1"]
[TimeControl "40/5400+30:1800+30"]

1. d4 {[%emt 0:00:00]} Nf6 {[%emt 0:00:00]} 2. c4 {[%emt 0:00:00]} c6 {[%emt 0:00:00]} 3. Nf3 {[%emt 0:00:03]} d5 {[%emt 0:00:00]} 4. Nbd2 {[%emt 0:00:22]} Bf5 {[%emt 0:03:06]} 5. Nh4 {[%emt 0:00:41]} Be6 {[%emt 0:01:27]} 6. e3 {[%emt 0:02:34]} g6 {[%emt 0:00:07]} 7. Bd3 {[%emt 0:01:38]} Bg7 {[%emt 0:00:17]} 8. O-O {[%emt 0:00:32]} O-O {[%emt 0:01:38]} 9. b3 {[%emt 0:06:15]} c5 {[%emt 0:00:42]} 10. Nhf3 {[%emt 0:03:40]} cxd4 {[%emt 0:01:37]} 11. exd4 {[%emt 0:01:37]} Nc6 {[%emt 0:00:11]} 12. Bb2 {[%emt 0:00:39]} dxc4 {[%emt 0:05:50]} 13. bxc4 {[%emt 0:03:11]} Nh5 {[%emt 0:00:27]} 14. Nb3 {[%emt 0:02:35]} Nf4 {[%emt 0:00:33]} 15. Rc1 {[%emt 0:05:20]} Nxd3 {[%emt 0:19:34]} 16. Qxd3 {[%emt 0:00:02]} Nb4 {[%emt 0:01:18]} 17. Qe2 {[%emt 0:22:05]} Nxa2 {[%emt 0:00:14]} 18. Ra1 {[%emt 0:05:25]} Nb4 {[%emt 0:03:06]} 19. d5 {[%emt 0:00:59]} Bxb2 {[%emt 0:00:32]} 20. Qxb2 {[%emt 0:00:02]} Bc8 {[%emt 0:01:56]} 21. Qd2 {[%emt 0:17:17]} Na6 {[%emt 0:01:39]} 22. Rfe1 {[%emt 0:06:20]} Nc7 {[%emt 0:19:17]} 23. Nbd4 {[%emt 0:03:23]} Ne8 {[%emt 0:13:39]} 24. Qh6 {[%emt 0:02:52]} f6 {[%emt 0:00:30]} 25. Qe3 {[%emt 0:02:04]} Rf7 {[%emt 0:06:17]} 26. Qb3 {[%emt 0:02:37]} Bg4 {[%emt 0:05:46]} 27. Ne6 {[%emt 0:05:07]} Qc8 {[%emt 0:00:03]} 28. Nfd4 {[%emt 0:01:33]} Bxe6 {[%emt 0:00:08]} 29. dxe6 {[%emt 0:01:09]} Rf8 {[%emt 0:00:07]} 30. Qb4 {[%emt 0:00:50]} Ng7 {[%emt 0:03:37]} 31. Qxe7 {[%emt 0:00:46]} Qxc4 {[%emt 0:00:03]} 32. Nf3 {[%emt 0:02:03]} Rae8 {[%emt 0:01:11]} 33. Qxb7 {[%emt 0:00:42]} Rxe6 {[%emt 0:00:23]} 34. Rxe6 {[%emt 0:00:35]} 1/2-1/2

[Event "AUT-ch Open 2020"]
[Site "Graz"]
[Date "2020.02.19"]
[Round "7.6"]
[White "Nomin-Erdene, Davaademberel"]
[Black "Advait, Bagri"]
[Result "1/2-1/2"]
[WhiteElo "2417"]
[BlackElo "2185"]
[Annotator "NA"]
[PlyCount "79"]
[EventDate "2020.02.14"]
[EventType "swiss"]
[EventCountry "AUT"]
[SourceTitle "playchess.com"]
[Source "ChessBase"]
[SourceQuality "1"]
[TimeControl "40/5400+30:1800+30"]

1. e4 {[%emt 0:00:00]} e5 {[%emt 0:00:00]} 2. Nf3 {[%emt 0:00:00]} Nc6 {[%emt 0:00:00]} 3. Bb5 {[%emt 0:00:00]} a6 {[%emt 0:00:06]} 4. Ba4 {[%emt 0:00:00]} Nf6 {[%emt 0:00:08]} 5. O-O {[%emt 0:00:00]} Be7 {[%emt 0:00:08]} 6. Qe2 {[%emt 0:00:06]} b5 {[%emt 0:03:00]} 7. Bb3 {[%emt 0:00:05]} d6 {[%emt 0:01:22]} 8. c3 {[%emt 0:00:12]} Bg4 {[%emt 0:05:13]} 9. Rd1 {[%emt 0:14:21]} Na5 {[%emt 0:07:13]} 10. Bc2 {[%emt 0:00:18]} c5 {[%emt 0:00:10]} 11. h3 {[%emt 0:01:26]} Bd7 {[%emt 0:08:58]} 12. d4 {[%emt 0:00:54]} Qc7 {[%emt 0:00:21]} 13. d5 {[%emt 0:00:21]} O-O {[%emt 0:00:23]} 14. Nbd2 {[%emt 0:07:15]} c4 {[%emt 0:02:26]} 15. Nf1 {[%emt 0:00:30]} Nb7 {[%emt 0:00:43]} 16. N3h2 {[%emt 0:12:59]} g6 {[%emt 0:09:54]} 17. g4 {[%emt 0:08:35]} h5 {[%emt 0:09:52]} 18. f4 {[%emt 0:22:49]} hxg4 {[%emt 0:05:09]} 19. hxg4 {[%emt 0:00:22]} exf4 {[%emt 0:01:23]} 20. Bxf4 {[%emt 0:00:05]} Nh7 {[%emt 0:00:10]} 21. Ne3 {[%emt 0:03:19]} Bg5 {[%emt 0:06:48]} 22. Qf3 {[%emt 0:06:51]} Rae8 {[%emt 0:03:39]} 23. Kh1 {[%emt 0:00:08]} Qd8 {[%emt 0:03:21]} 24. Rg1 {[%emt 0:01:32]} Qe7 {[%emt 0:06:11]} 25. Nef1 {[%emt 0:05:23]} Bxf4 {[%emt 0:02:50]} 26. Qxf4 {[%emt 0:00:05]} Ng5 {[%emt 0:00:09]} 27. Ng3 {[%emt 0:00:17]} Nc5 {[%emt 0:05:00]} 28. Rge1 {[%emt 0:11:39]} Qe5 {[%emt 0:00:44]} 29. Qxe5 {[%emt 0:00:47]} Rxe5 {[%emt 0:00:18]} 30. Rad1 {[%emt 0:00:03]} Rfe8 {[%emt 0:00:52]} 31. Rd4 {[%emt 0:00:18]} Kg7 {[%emt 0:00:43]} 32. Kg2 {[%emt 0:01:52]} Rh8 {[%emt 0:00:32]} 33. Rf1 {[%emt 0:01:17]} Rh4 {[%emt 0:02:07]} 34. Rf4 {[%emt 0:00:45]} Nh3 {[%emt 0:01:11]} 35. Rf3 {[%emt 0:01:37]} Ng5 {[%emt 0:00:56]} 36. Rf4 {[%emt 0:00:04]} Nh3 {[%emt 0:00:56]} 37. Rf1 {[%emt 0:01:01]} Ng5 {[%emt 0:00:09]} 38. Rf4 {[%emt 0:00:37]} Nh3 {[%emt 0:00:25]} 39. Rf1 {[%emt 0:00:18]} Ng5 {[%emt 0:00:06]} 40. Rf4 {[%emt 0:00:58]} 1/2-1/2

[Event "AUT-ch Open 2020"]
[Site "Graz"]
[Date "2020.02.19"]
[Round "7.7"]
[White "Socko, Monika"]
[Black "Schoppen, Casper"]
[Result "0-1"]
[WhiteElo "2419"]
[BlackElo "2489"]
[Annotator "ChessBase"]
[PlyCount "146"]
[EventDate "2020.02.14"]
[EventType "swiss"]
[EventCountry "AUT"]
[SourceTitle "playchess.com"]
[Source "ChessBase"]
[SourceQuality "1"]
[TimeControl "40/5400+30:1800+30"]

1. d4 {[%emt 0:00:00]} Nf6 {[%emt 0:00:00]} 2. c4 {[%emt 0:00:00]} e6 {[%emt 0:00:00]} 3. g3 {[%emt 0:00:00]} d5 {[%emt 0:00:00]} 4. Nf3 {[%emt 0:00:00]} Bb4+ {[%emt 0:00:19]} 5. Nbd2 {[%emt 0:00:00]} dxc4 {[%emt 0:00:27]} 6. Bg2 {[%emt 0:00:02]} O-O {[%emt 0:00:28]} 7. Qc2 {[%emt 0:01:03]} a5 {[%emt 0:00:08]} 8. Qxc4 {[%emt 0:02:05]} b6 {[%emt 0:00:06]} 9. a3 {[%emt 0:03:18]} Be7 {[%emt 0:03:09]} 10. Ne5 {[%emt 0:06:18]} Ra7 {[%emt 0:01:04]} 11. Ndf3 {[%emt 0:08:35]} Ba6 {[%emt 0:05:47]} 12. Qc2 {[%emt 0:02:21]} c5 {[%emt 0:00:16]} 13. dxc5 {[%emt 0:05:30]} Bxc5 {[%emt 0:00:47]} 14. Bd2 {[%emt 0:03:50]} Rc7 {[%emt 0:04:14]} 15. Qa4 {[%emt 0:00:53]} Nbd7 {[%emt 0:04:58]} 16. Bf4 {[%emt 0:07:19]} Qc8 {[%emt 0:33:26]} 17. O-O {[%emt 0:10:00]} Bxe2 {[%emt 0:06:20]} 18. Nxd7 {[%emt 0:09:49]} Qxd7 {[%emt 0:02:30]} 19. Qxd7 {[%emt 0:00:51]} Rxd7 {[%emt 0:00:06]} 20. Rfe1 {[%emt 0:00:13]} Bxf3 {[%emt 0:02:40]} 21. Bxf3 {[%emt 0:00:04]} Nd5 {[%emt 0:00:49]} 22. Bd2 {[%emt 0:03:02]} Bd4 {[%emt 0:04:18]} 23. Rab1 {[%emt 0:00:05]} Rfd8 {[%emt 0:01:23]} 24. Rec1 {[%emt 0:03:12]} e5 {[%emt 0:05:18]} 25. b4 {[%emt 0:04:01]} axb4 {[%emt 0:00:14]} 26. axb4 {[%emt 0:00:01]} f5 {[%emt 0:02:20]} 27. Be2 {[%emt 0:06:08]} e4 {[%emt 0:01:11]} 28. Bb5 {[%emt 0:00:06]} Rd6 {[%emt 0:00:59]} 29. Rc4 {[%emt 0:00:40]} Bf6 {[%emt 0:02:19]} 30. Rbc1 {[%emt 0:01:45]} Nc7 {[%emt 0:12:08]} 31. Rxc7 {[%emt 0:01:15]} Rxd2 {[%emt 0:00:05]} 32. R1c2 {[%emt 0:06:53]} Rxc2 {[%emt 0:00:51]} 33. Rxc2 {[%emt 0:00:02]} Rd4 {[%emt 0:03:19]} 34. Bc4+ {[%emt 0:03:19]} Kf8 {[%emt 0:00:08]} 35. b5 {[%emt 0:03:29]} Rd1+ {[%emt 0:01:53]} 36. Kg2 {[%emt 0:00:06]} Bd4 {[%emt 0:00:23]} 37. Be2 {[%emt 0:02:06]} Re1 {[%emt 0:00:11]} 38. Bf1 {[%emt 0:03:01]} Bc5 {[%emt 0:01:42]} 39. h4 {[%emt 0:00:28]} Ke7 {[%emt 0:00:42]} 40. Rd2 {[%emt 0:01:02]} g6 {[%emt 0:00:57]} 41. Ra2 {[%emt 0:31:48]} Kf6 {[%emt 0:31:11]} 42. Ra7 {[%emt 0:01:25]} h6 {[%emt 0:00:00]} 43. Rh7 {[%emt 0:00:00]} Bd4 {[%emt 0:00:00]} 44. Rd7 {[%emt 0:00:00]} Bc5 {[%emt 0:00:00]} 45. Rh7 {[%emt 0:00:00]} Rc1 {[%emt 0:00:00]} 46. Be2 {[%emt 0:00:00]} Rc2 {[%emt 0:00:00]} 47. Kf1 {[%emt 0:00:00]} Rc1+ {[%emt 0:00:00]} 48. Kg2 {[%emt 0:00:00]} Rc2 {[%emt 0:00:00]} 49. Kf1 {[%emt 0:00:00]} h5 {[%emt 0:00:00]} 50. Rc7 {[%emt 0:00:00]} g5 {[%emt 0:02:20]} 51. hxg5+ {[%emt 0:00:00]} Kg6 {[%emt 0:01:25]} 52. Rc8 {[%emt 0:00:00]} h4 {[%emt 0:00:35]} 53. gxh4 {[%emt 0:00:00]} f4 {[%emt 0:00:10]} 54. f3 {[%emt 0:00:00]} Rc1+ {[%emt 0:01:31]} 55. Kg2 {[%emt 0:00:00]} Rg1+ {[%emt 0:00:45]} 56. Kh2 {[%emt 0:00:00]} Re1 {[%emt 0:00:11]} 57. Rc6+ {[%emt 0:00:00]} Kg7 {[%emt 0:01:16]} 58. Rc7+ {[%emt 0:00:00]} Kg6 {[%emt 0:00:06]} 59. Rc6+ {[%emt 0:00:00]} Kg7 {[%emt 0:00:04]} 60. Rc7+ {[%emt 0:00:00]} Kf8 {[%emt 0:01:01]} 61. Bc4 {[%emt 0:00:00]} Rc1 {[%emt 0:00:33]} 62. Rf7+ {[%emt 0:03:39]} Ke8 {[%emt 0:00:01]} 63. Bd5 {[%emt 0:00:04]} e3 {[%emt 0:00:33]} 64. Rf6 {[%emt 0:04:59]} Rc2+ {[%emt 0:00:13]} 65. Kh3 {[%emt 0:00:01]} e2 {[%emt 0:00:10]} 66. Re6+ {[%emt 0:00:03]} Kd7 {[%emt 0:00:09]} 67. g6 {[%emt 0:04:40]} Be3 {[%emt 0:00:18]} 68. g7 {[%emt 0:00:03]} e1=Q {[%emt 0:00:46]} 69. Bc6+ {[%emt 0:00:04]} Kc7 {[%emt 0:00:55]} 70. Re7+ {[%emt 0:00:05]} Kd6 {[%emt 0:00:04]} 71. Re6+ {[%emt 0:00:34]} Kc5 {[%emt 0:00:06]} 72. Re5+ {[%emt 0:00:08]} Kb4 {[%emt 0:00:07]} 73. Re4+ {[%emt 0:00:02]} Ka3 {[%emt 0:00:21]} 0-1

[Event "AUT-ch Open 2020"]
[Site "Graz"]
[Date "2020.02.19"]
[Round "7.7"]
[White "Bin-Suhayl, Ieysaa"]
[Black "Leisch, Lukas"]
[Result "1/2-1/2"]
[WhiteElo "2174"]
[BlackElo "2352"]
[Annotator "ChessBase"]
[PlyCount "129"]
[EventDate "2020.02.14"]
[EventType "swiss"]
[EventCountry "AUT"]
[SourceTitle "playchess.com"]
[Source "ChessBase"]
[SourceQuality "1"]
[TimeControl "40/5400+30:1800+30"]

1. Nf3 {[%emt 0:00:00]} Nf6 {[%emt 0:00:00]} 2. c4 {[%emt 0:00:00]} e6 {[%emt 0:00:00]} 3. g3 {[%emt 0:00:00]} d5 {[%emt 0:00:07]} 4. Bg2 {[%emt 0:00:00]} Be7 {[%emt 0:00:11]} 5. O-O {[%emt 0:00:00]} O-O {[%emt 0:00:09]} 6. d4 {[%emt 0:00:00]} dxc4 {[%emt 0:00:23]} 7. Ne5 {[%emt 0:00:00]} Nc6 {[%emt 0:00:11]} 8. Bxc6 {[%emt 0:00:00]} bxc6 {[%emt 0:00:09]} 9. Nxc6 {[%emt 0:00:00]} Qe8 {[%emt 0:00:09]} 10. Nxe7+ {[%emt 0:00:00]} Qxe7 {[%emt 0:00:08]} 11. Qc2 {[%emt 0:00:01]} e5 {[%emt 0:00:54]} 12. dxe5 {[%emt 0:00:08]} Qxe5 {[%emt 0:00:14]} 13. Bf4 {[%emt 0:00:04]} Qc5 {[%emt 0:01:38]} 14. Be3 {[%emt 0:00:04]} Qc6 {[%emt 0:07:55]} 15. f3 {[%emt 0:00:08]} Re8 {[%emt 0:24:35]} 16. Bd4 {[%emt 0:00:32]} Bb7 {[%emt 0:05:03]} 17. Bxf6 {[%emt 0:12:20]} Qxf6 {[%emt 0:00:54]} 18. e4 {[%emt 0:01:13]} Rad8 {[%emt 0:05:35]} 19. Nc3 {[%emt 0:04:42]} Qb6+ {[%emt 0:05:54]} 20. Kg2 {[%emt 0:04:03]} Rd3 {[%emt 0:04:42]} 21. Rad1 {[%emt 0:04:34]} Red8 {[%emt 0:04:42]} 22. Rxd3 {[%emt 0:12:42]} cxd3 {[%emt 0:00:56]} 23. Qf2 {[%emt 0:05:23]} Qb4 {[%emt 0:06:18]} 24. a3 {[%emt 0:00:37]} Qb3 {[%emt 0:02:15]} 25. Rd1 {[%emt 0:00:22]} c5 {[%emt 0:01:23]} 26. Rd2 {[%emt 0:00:33]} Qc4 {[%emt 0:01:39]} 27. Qe3 {[%emt 0:01:31]} h6 {[%emt 0:04:46]} 28. Nd1 {[%emt 0:04:07]} a5 {[%emt 0:08:28]} 29. Nf2 {[%emt 0:00:51]} Ba6 {[%emt 0:00:17]} 30. h4 {[%emt 0:13:48]} a4 {[%emt 0:00:53]} 31. g4 {[%emt 0:03:11]} Qb5 {[%emt 0:02:01]} 32. g5 {[%emt 0:08:33]} hxg5 {[%emt 0:01:51]} 33. hxg5 {[%emt 0:04:13]} c4 {[%emt 0:00:35]} 34. Qf4 {[%emt 0:00:39]} Qb8 {[%emt 0:02:41]} 35. e5 {[%emt 0:14:57]} Qb6 {[%emt 0:02:44]} 36. Kg3 {[%emt 0:05:23]} Qd4 {[%emt 0:02:36]} 37. Qxd4 {[%emt 0:00:20]} Rxd4 {[%emt 0:00:05]} 38. Ne4 {[%emt 0:00:21]} Bb7 {[%emt 0:03:13]} 39. Nd6 {[%emt 0:00:21]} Bc6 {[%emt 0:00:32]} 40. Nf5 {[%emt 0:02:46]} Rd7 {[%emt 0:00:07]} 41. Nd6 {[%emt 0:09:58]} Bd5 {[%emt 0:05:42]} 42. f4 {[%emt 0:00:18]} Rc7 {[%emt 0:12:04]} 43. Nb5 {[%emt 0:09:02]} Rb7 {[%emt 0:01:56]} 44. Nc3 {[%emt 0:00:03]} Bc6 {[%emt 0:00:05]} 45. Kf2 {[%emt 0:00:02]} Kf8 {[%emt 0:01:52]} 46. Ke3 {[%emt 0:00:05]} Rd7 {[%emt 0:00:06]} 47. f5 {[%emt 0:01:00]} Ke7 {[%emt 0:01:19]} 48. Rf2 {[%emt 0:00:42]} Rd8 {[%emt 0:03:51]} 49. Rf4 {[%emt 0:05:09]} d2 {[%emt 0:00:33]} 50. Rxc4 {[%emt 0:00:23]} Bb5 {[%emt 0:00:28]} 51. Rc7+ {[%emt 0:00:30]} Ke8 {[%emt 0:01:10]} 52. Nd1 {[%emt 0:05:34]} Rd3+ {[%emt 0:00:28]} 53. Kf2 {[%emt 0:00:01]} Rd5 {[%emt 0:01:23]} 54. f6 {[%emt 0:01:10]} gxf6 {[%emt 0:00:17]} 55. gxf6 {[%emt 0:00:14]} Rxe5 {[%emt 0:01:35]} 56. Re7+ {[%emt 0:00:08]} Rxe7 {[%emt 0:00:05]} 57. fxe7 {[%emt 0:00:02]} Bc4 {[%emt 0:01:19]} 58. Ke3 {[%emt 0:00:12]} Bb3 {[%emt 0:00:08]} 59. Kxd2 {[%emt 0:00:03]} Bxd1 {[%emt 0:01:42]} 60. Kxd1 {[%emt 0:00:03]} Kxe7 {[%emt 0:01:12]} 61. Kc2 {[%emt 0:00:17]} f5 {[%emt 0:00:16]} 62. b3 {[%emt 0:00:07]} axb3+ {[%emt 0:00:26]} 63. Kxb3 {[%emt 0:00:02]} Kd6 {[%emt 0:00:17]} 64. Kc4 {[%emt 0:00:24]} Kc6 {[%emt 0:00:07]} 65. Kd4 {[%emt 0:00:05]} 1/2-1/2

[Event "AUT-ch Open 2020"]
[Site "Graz"]
[Date "2020.02.19"]
[Round "7.8"]
[White "Santiago, Yago De Moura"]
[Black "Ioannidis, Evgenios"]
[Result "1/2-1/2"]
[WhiteElo "2488"]
[BlackElo "2399"]
[Annotator "ChessBase"]
[PlyCount "83"]
[EventDate "2020.02.14"]
[EventType "swiss"]
[EventCountry "AUT"]
[SourceTitle "playchess.com"]
[Source "ChessBase"]
[SourceQuality "1"]
[TimeControl "40/5400+30:1800+30"]

1. c4 {[%emt 0:00:00]} c5 {[%emt 0:00:00]} 2. Nc3 {[%emt 0:00:02]} Nc6 {[%emt 0:00:18]} 3. g3 {[%emt 0:00:44]} g6 {[%emt 0:00:19]} 4. Bg2 {[%emt 0:00:28]} Bg7 {[%emt 0:00:16]} 5. d3 {[%emt 0:00:26]} d6 {[%emt 0:01:40]} 6. Qd2 {[%emt 0:01:41]} f5 {[%emt 0:04:29]} 7. b3 {[%emt 0:00:29]} Nf6 {[%emt 0:00:55]} 8. Bb2 {[%emt 0:00:15]} O-O {[%emt 0:00:34]} 9. e3 {[%emt 0:04:45]} e5 {[%emt 0:04:42]} 10. Nge2 {[%emt 0:00:23]} Ne7 {[%emt 0:04:10]} 11. d4 {[%emt 0:05:32]} e4 {[%emt 0:07:15]} 12. O-O {[%emt 0:02:30]} Be6 {[%emt 0:14:48]} 13. f3 {[%emt 0:01:58]} exf3 {[%emt 0:07:06]} 14. Bxf3 {[%emt 0:00:15]} Qc7 {[%emt 0:01:03]} 15. Nb5 {[%emt 0:16:16]} Qb6 {[%emt 0:08:01]} 16. Nf4 {[%emt 0:00:31]} Bf7 {[%emt 0:08:45]} 17. dxc5 {[%emt 0:03:25]} dxc5 {[%emt 0:00:05]} 18. Qd6 {[%emt 0:00:14]} Rad8 {[%emt 0:02:21]} 19. Qxb6 {[%emt 0:24:54]} axb6 {[%emt 0:00:06]} 20. Rad1 {[%emt 0:04:41]} g5 {[%emt 0:15:45]} 21. Bxf6 {[%emt 0:00:56]} Bxf6 {[%emt 0:00:14]} 22. Nd5 {[%emt 0:00:06]} Bxd5 {[%emt 0:06:05]} 23. Bxd5+ {[%emt 0:00:14]} Kg7 {[%emt 0:02:31]} 24. Bxb7 {[%emt 0:00:17]} Be5 {[%emt 0:00:07]} 25. Bd5 {[%emt 0:01:05]} Rd7 {[%emt 0:01:15]} 26. Rd2 {[%emt 0:01:51]} Rfd8 {[%emt 0:00:51]} 27. Rdf2 {[%emt 0:00:20]} Nxd5 {[%emt 0:01:27]} 28. cxd5 {[%emt 0:00:16]} Rxd5 {[%emt 0:00:08]} 29. Rxf5 {[%emt 0:00:20]} Bf4 {[%emt 0:00:06]} 30. e4 {[%emt 0:01:34]} Rxf5 {[%emt 0:00:25]} 31. exf5 {[%emt 0:00:05]} Be5 {[%emt 0:00:30]} 32. g4 {[%emt 0:05:56]} Kf6 {[%emt 0:02:10]} 33. Kg2 {[%emt 0:05:24]} h5 {[%emt 0:00:13]} 34. gxh5 {[%emt 0:09:59]} Rh8 {[%emt 0:00:20]} 35. h3 {[%emt 0:01:10]} Rxh5 {[%emt 0:00:06]} 36. Na3 {[%emt 0:01:26]} Bf4 {[%emt 0:00:58]} 37. Nc4 {[%emt 0:01:54]} b5 {[%emt 0:00:05]} 38. Na3 {[%emt 0:05:14]} b4 {[%emt 0:00:21]} 39. Nc4 {[%emt 0:00:04]} Rh8 {[%emt 0:00:41]} 40. Nb6 {[%emt 0:01:29]} Kxf5 {[%emt 0:00:28]} 41. Rf2 {[%emt 0:05:05]} Rh6 {[%emt 0:03:16]} 42. Na4 {[%emt 0:12:02]} 1/2-1/2

[Event "AUT-ch Open 2020"]
[Site "Graz"]
[Date "2020.02.19"]
[Round "7.8"]
[White "Huber, Martin Christian"]
[Black "Hapala, Elisabeth"]
[Result "1-0"]
[WhiteElo "2340"]
[BlackElo "2170"]
[Annotator "NA"]
[PlyCount "67"]
[EventDate "2020.02.14"]
[EventType "swiss"]
[EventCountry "AUT"]
[SourceTitle "playchess.com"]
[Source "ChessBase"]
[SourceQuality "1"]
[TimeControl "40/5400+30:1800+30"]

1. Nf3 {[%emt 0:00:00]} Nf6 {[%emt 0:00:00]} 2. g3 {[%emt 0:00:02]} b5 {[%emt 0:00:00]} 3. Bg2 {[%emt 0:00:07]} Bb7 {[%emt 0:00:00]} 4. Na3 {[%emt 0:00:10]} a6 {[%emt 0:00:42]} 5. c4 {[%emt 0:00:06]} b4 {[%emt 0:02:21]} 6. Nc2 {[%emt 0:00:07]} e6 {[%emt 0:00:50]} 7. d4 {[%emt 0:01:21]} Be7 {[%emt 0:01:32]} 8. O-O {[%emt 0:10:18]} O-O {[%emt 0:01:06]} 9. d5 {[%emt 0:02:51]} exd5 {[%emt 0:01:49]} 10. Nh4 {[%emt 0:00:15]} c6 {[%emt 0:24:43]} 11. cxd5 {[%emt 0:03:30]} Nxd5 {[%emt 0:01:43]} 12. Nf5 {[%emt 0:00:11]} a5 {[%emt 0:08:42]} 13. e4 {[%emt 0:05:32]} Nc7 {[%emt 0:03:48]} 14. e5 {[%emt 0:07:44]} Kh8 {[%emt 0:12:58]} 15. Re1 {[%emt 0:09:41]} Nd5 {[%emt 0:05:01]} 16. Qg4 {[%emt 0:05:04]} Rg8 {[%emt 0:00:50]} 17. Be4 {[%emt 0:08:13]} g6 {[%emt 0:21:40]} 18. Nxe7 {[%emt 0:03:50]} Qxe7 {[%emt 0:00:01]} 19. Bg5 {[%emt 0:07:22]} h5 {[%emt 0:01:08]} 20. Qh4 {[%emt 0:01:23]} Qe6 {[%emt 0:03:58]} 21. Ne3 {[%emt 0:03:50]} Kg7 {[%emt 0:01:59]} 22. Rad1 {[%emt 0:08:19]} Na6 {[%emt 0:00:47]} 23. Bg2 {[%emt 0:06:01]} Nxe3 {[%emt 0:02:31]} 24. Bf6+ {[%emt 0:01:13]} Kf8 {[%emt 0:03:08]} 25. Rxe3 {[%emt 0:00:06]} Qg4 {[%emt 0:00:17]} 26. Qxg4 {[%emt 0:01:26]} hxg4 {[%emt 0:00:01]} 27. Rxd7 {[%emt 0:00:15]} Nc5 {[%emt 0:00:56]} 28. Be7+ {[%emt 0:01:56]} Ke8 {[%emt 0:00:17]} 29. Rc7 {[%emt 0:00:03]} Nd7 {[%emt 0:01:04]} 30. Rxb7 {[%emt 0:00:23]} Kxe7 {[%emt 0:00:04]} 31. Bxc6 {[%emt 0:00:06]} Rgd8 {[%emt 0:00:48]} 32. Rd3 {[%emt 0:01:03]} Rac8 {[%emt 0:00:42]} 33. Rdxd7+ {[%emt 0:03:31]} Rxd7 {[%emt 0:00:06]} 34. Bxd7 {[%emt 0:00:15]} 1-0